000 00961nmm a2200289 a 4500
001 ocm000593467
003 TR-IsHL
005 20201028125129.0
008 110704s2008 tu tur
007 cr cn
020 _a9789944716291
035 _a593467
_b(N$T)
050 0 4 _aHD58.9
_b.M56 2008
090 0 4 _aHD58.9
_b.M56 2008
100 1 _aMinibaş, Jale
245 1 0 _aYönetim kültür iletişim
_h[electronic resource] /
_cJale Minibaş ; Turhan Erkmen
250 _a1. bs.
260 _aİstanbul :
_bArıkan Basım Yayım Dağıtım,
_c2008
300 _a288 p.
650 4 _aİşletme ve Yönetim
650 4 _aBusiness and Management
650 0 _aİletişim, Örgütlerde
650 0 _aCommunication in organizations
650 7 _aBUSINESS & ECONOMICS / Business Communication / General
_2bisacsh
700 1 _aErkmen, Turhan
856 4 0 _uhttp://search.ebscohost.com/login.aspx?direct=true&scope=site&db=e011xww&AN=593467
999 _c3320
_d3320